000 00527nam a22000977a 4500
008 180212b xxu||||| |||| 00| 0 eng d
100 _aCartier, Karen
245 _aIn the land of make believe : Fairy Tales, Folktales
_bfairy tales, folktales, legends, fables, children's stories and Disney depicted on postage stamps of the world
260 _aAlbuquerque, NM
_bAmerican Topical Association,
_c2000
650 _aTopical Collecting | Fairy Tales and Folk Tales | Folklore and Legends | Juvenile Literature | Disney | Cartoons and Comics
999 _c2630
_d2630